| 000 | 00569nam a2200181 a 4500 | ||
|---|---|---|---|
| 005 | 20240614063705.0 | ||
| 008 | 991125s1971 ea 000 0 eng u | ||
| 035 | _aUPN01000030084 | ||
| 049 | _aCG | ||
| 050 | 4 |
_aPE1065 _bI53 |
|
| 245 | 0 | 0 |
_aIndependent practice pad : _blevel 3 / _cAaron ... [et al.]. |
| 260 |
_aGlenview (E.U.A.) : _bScott, Foresman, _c1971. |
||
| 300 | _a82, [10] h. desprendibles | ||
| 440 | 0 | _aScott Foresman reading systems | |
| 650 | 4 |
_aInglés _xEstudio y enseñanza _918 |
|
| 700 | 1 |
_aAaron, Ira Edward, _d1919- _ecoaut. _928025 |
|
| 905 | _aLibro | ||
| 999 |
_c30084 _d30084 |
||